| 000 | 00368nam a2200145Ia 4500 | ||
|---|---|---|---|
| 008 | 230917s9999||||xx |||||||||||||| ||und|| | ||
| 040 |
_e87691 _aMAIN |
||
| 041 | _aEnglish | ||
| 082 | _a155.5 G536S | ||
| 100 | _aGober, Sue | ||
| 245 | 0 | _aSix simple ways to asses young children | |
| 260 |
_aAlbany _bDelmar Publishers _c2002 |
||
| 300 | _axiv, 144 p. | ||
| 942 | _cBK | ||
| 999 |
_c115268 _d115268 |
||